Tennis: Francais du Top 10 - masculins et féminins - Statistiques

Statistiques générales
  • Ce quiz a été pris 268 fois
  • Le résultat moyen est 11 sur 20
Statistiques - réponses
Réponse % Correct
Gaël MONFILS
99%
Jo-Wilfried TSONGA
96%
Yannick NOAH
95%
Richard GASQUET
93%
Caroline GARCIA
78%
Amélie MAURESMO
76%
Gilles SIMON
74%
Marion BARTOLI
68%
Marie PIERCE
58%
Lucas POUILLE
55%
Henri LECONTE
54%
Kritina MLADENOVIC
54%
Guy FORGET
51%
Sébastien GROSJEAN
50%
Arnaud CLEMENT
46%
Cédric PIOLINE
46%
Nathalie TAUZIAT
25%
Julie HALARD
11%
Sandrine TESTUD
11%
Thierry TUSLANE
2%
Aucun quiz correspondant
Distribution des résultats
% des personnes avec chaque résultat
Percentile par nombre de réponses
Votre historique - résultats
Vous n’avez pas pris ce quiz